000 01514nam a2200229Ii 4500
003 JO-AjNU
005 20231209135454.0
008 230605s9999||||xx |||||||||||||| ||und||
040 _aJO-AjNU
_bara
_erda
_cJO-AjNU
041 _aara
100 1 _aالشويات، محمد عوض
_964690
_eمعد
245 _aتقييم المستخدمين لتأثير النظام المحاسبي الجديد على جودة المعلومات في البنك الاسلامي الأردني : دراسة حالة = End Users' Assessment of the Impact of the New Accounting Information System ' Assessment of the Impact of the New Accounting Information System on the Qualitity of information at jordanian Islamic Bank : A Case Stady /
_cاعداد محمد عوض الشويات ؛ اشراف تركي راجي الحمود
260 _aاربد، الاردن :
_bجامعة اليرموك،
_c2016
300 _a159ورقة
336 _atext
_btxt
_2rdacontent
337 _aunmediated
_bn
_2rdamedia
338 _avolume
_bnc
_2rdacarrier
504 _aرسالة جامعية (ماجستير) .- جامعة اليرموك (إربد ، الأردن) ، كلية الاقتصاد والعلوم الادارية ، قسم المحاسبة ، 2016. ببليوجرافيا : صفحة 147-152
650 7 0 _aالمحاسبة - معالجة البيانات الكترونيا - البنوك التجارية - الاردن
_964691
700 1 _aالحمود، تركي راجي
_964635
_eمشرف
942 _2lcc
_cTHS
999 _c33070
_d33070